Vinárske zážitkové centrum a skanzen vinohradníctva vo Svätom Jure - Interiér

Saved in:
Bibliographic Details
Main Author: Bajanová, Kristína (Author)
Other Authors: Petelen, Ivan (Thesis advisor)
Format: Manuscript Book
Language:Slovak
Published: Bratislava 2016
Subjects:
Online Access:http://is.stuba.sk/zp/portal_zp.pl?podrobnosti=121528
Tags: Add Tag
No Tags, Be the first to tag this record!

MARC

LEADER 00000ntm a22000003a 4500
001 stuzp57330
003 SK-STU
005 20210222135850.2
007 ta
008 150427s2015----xo-----f-mn---000-0-slo-d
040 |a STU  |b slo 
041 0 |a slo 
100 1 |a Bajanová, Kristína  |u 055150  |4 aut  |U FAD Fakulta architektúry  |T FA Ústav interiéru a výstavníctva  |X 43270  |U A5150  |Y 396  |7 A000043270 
242 0 1 |a Wine Centre for Adventure and Open-air Museum in Vineyards of Svätý Jur - Interior  |y eng 
245 1 0 |a Vinárske zážitkové centrum a skanzen vinohradníctva vo Svätom Jure - Interiér 
260 |c 2016  |a Bratislava 
650 4 |a Svätý Jur  |2 slo 
650 4 |a vinárske centrum  |2 slo 
650 4 |a interiér  |2 slo 
650 4 |a organická architektúra  |2 slo 
650 4 |a interior  |2 eng 
650 4 |a organic architecture  |2 eng 
650 4 |a Saint George  |2 eng 
650 4 |a wine centre  |2 eng 
700 1 |a Petelen, Ivan  |u 055150  |k Z1  |4 ths  |U FAD Fakulta architektúry  |T FA Ústav interiéru a výstavníctva  |X 451  |U A5150  |Y 396  |7 A000000451 
856 4 |u http://is.stuba.sk/zp/portal_zp.pl?podrobnosti=121528  |u https://opac.crzp.sk/?fn=detailBiblioForm&sid=FFEED6484134604A3C75A4B88729 
SQL |a stuzp57330  |b DDP  |c SLO  |d Vinárske zážitkové centrum a skanzen vinohradníctva vo Svätom Jure - Interiér  |e 43270  |f Bajanová, Kristína  |g 055150  |h 451  |i Petelen, Ivan  |j 20160602  |k 153  |l 05  |m http://is.stuba.sk/zp/portal_zp.pl?podrobnosti=121528  |n I-ARCH  |o 5.1.1. architektúra a urbanizmus